Juegos de vida y muerte: el suicidio en la novela Galdosiana

Сохранить в:
Библиографические подробности
Главный автор: Alemán, Serafín (Автор)
Формат:
Язык:испанский
Опубликовано: Miami Universal 1978
Серии:Colección Polymita
Предметы:
Метки: Добавить метку
Нет меток, Требуется 1-ая метка записи!

MARC

LEADER 00000nam a2200000 a 4500
001 UCT6789
003 CL-VaPUC
008 970113e19780000US |||||||||||||||||spa|d
082 0 4 |a 863.09  |b ALE  |2 21 
100 0 |a Alemán, Serafín  |e author  |9 377027 
245 1 0 |a Juegos de vida y muerte: el suicidio en la novela Galdosiana 
300 |a 133 p 
942 |c BK 
945 |d 19970113 00:00:00  |a nastorga 
260 |a Miami  |b Universal  |c 1978 
600 0 7 |a PEREZ GALDOS, BENITO  |2 CL-VaPUC  |9 318144 
650 7 |a NOVELA ESPAÑOLA  |2 CL-VaPUC  |9 313139 
650 0 |a Crítica e interpretación   |9 255042 
650 0 |a Vida  |9 266033 
650 0 |a Muerte  |9 265114 
650 7 |a SUICIDIO  |2 CL-VaPUC  |9 317374 
650 0 |a Realidad   |9 266551 
583 |a last modification  |c 19970113 00:00:00  |k Rodrigo Vera 
490 0 |a Colección Polymita 
999 |c 255463  |d 255461 
952 |0 0  |1 0  |4 0  |6 863_090000000000000_ALE_1978  |7 0  |8 A  |9 277699  |a BIBEDU  |b BIBEDU  |d 2019-11-19  |i 3274071  |o 863.09 ALE 1978  |p 3274071  |r 2019-11-19  |w 2019-11-19  |y BK  |k LIT